1312 1841 1477 1930 1552 1004 1870 1772 1468 1949 1261 1933 1324 1351 1054 1296 1108 1567 1198 1422 1170 1393 1114 1329 1247 1937 1933 1775 1684 1701 1344 1104 1133 1038 1166 1082 1887 1378 1641 1583 1985 1396 1388 1174 1298 1810 1874 1094 1585 1339 1594 1088 1899 1481 1174 1428 1583 1076 1996 1043 1126 1936 1766 1006 1162 1102 1768 1236 1658 1205 1781 1991 1458 1334 1317 1747 1230 1443 1711 1347 1796 1630 1640 1229 1582 1129 1068 1726 1186 1980 1437 1947 1408 1664 1841 1993 1459 1200 1488 BCNSPRNW ULIB Ver.6.0+V

เปลี่ยนเป็นภาษาไทย

Change to English
 แสดงรายละเอียดบรรณานุกรม
  กลับหน้าหลัก

Brief Record : Get Marc (ISO 2709) : E-mail record : QR code < ปิดหน้าต่าง
LEADER : 00000nam 2200000uu 4500
001    13399120609
003     ULIB
008    120928s2549||||th 000 0 tha d
020    ^a9740318282
060 04 ^aWY152^bศ465ก 2549
100 0  ^aศิริพันธุ์ สาสัตย์
245 10 ^aการพยาบาลผู้สูงอายุ : ปัญหาที่พบบ่อยและแนวทางในการดูแล =^bGerontological nursing : common problems and caring guideline /^cศิริพันธ์ สาสัตย์
246 31 ^aGerontological nursing :^bcommon problems and caringguideline
250    ^aพิมพ์ครั้งที่ 1
260    ^aกรุงเทพฯ :^bสำนักพิมพ์แห่งจุฬาลงกรณ์มหาวิทยาลัย,^c2549
300    ^a(12), 331 หน้า :^bภาพประกอบ ;^c21 ซม.
650  7 ^aการพยาบาลผู้สูงอายุ
650  7 ^aผู้สูงอายุ^xการดูแล
945    ^p190^l0^i24692
945    ^p190^l0^i14073
945    ^p190^l0^i15127
995    ^aวิภา
999 ^a ใช้งานได้ทุกระบบ
รายการนี้ยังไม่มีแท็ก
คุณยังไม่ได้ล็อกอิน คุณสามารถมีกิจกรรมร่วมกับเว็บไซต์ได้ แต่ต้องล็อกอินก่อน ::
  ล็อกอิน

รายการสื่อสารสนเทศ

ลำดับที่ ประเภท เลขเรียก/บาร์โค้ด สถานที่ สถานะ
1. Book การพยาบาล
Book การพยาบาล
WY152 ศ465ก 2549  
  Barcode: 24692
ห้องสมุดวิทยาเขตนครสวรรค์
►หนังสือทั่วไป:l:General Books
บนชั้น
2. Book การพยาบาล
Book การพยาบาล
สถานะ=หนังสือเก่า
WY152 ศ465ก 2549 ฉ.2 
  Barcode: 14073
ห้องสมุดวิทยาเขตนครสวรรค์
►หนังสือทั่วไป:l:General Books
บนชั้น
3. Book การพยาบาล
Book การพยาบาล
สถานะ=หนังสือเก่า
WY152 ศ465ก 2549 ฉ.3 
  Barcode: 15127
ห้องสมุดวิทยาเขตนครสวรรค์
►หนังสือทั่วไป:l:General Books
บนชั้น

รายการใกล้เคียง
    ผู้แต่ง [ศิริพันธุ์ สาสัตย์]

    หัวเรื่อง [การพยาบาลผู้สูงอายุ]
    หัวเรื่อง [ผู้สูงอายุ การดูแล]

BibComment


ยังไม่เคยถูกคอมเมนท์

คอมเมนท์ทรัพยากรรายการนี้
  คอมเมนท์: การพยาบาลผู้สูงอ..


 Copyright 2026. Bcnsprnw @Library